000 00585cam a22002051 4500
001 ne 62000275
003 DLC
005 20260227111734.0
008 890324s1933 tu 000 0 tur
010 _ane 62000275
035 _a(OCoLC)23569148
040 _aDLC
_cMiU
_dDLC
050 0 0 _aPL248.H4
_bZ65
100 1 _aErgun, Sadettin Nüzhet.
245 0 0 _aXIX uncu asır sazşairlerinden Hengâmî.
246 3 _aOndokuzuncu asır sazşairlerinden Hengâmî
260 _a[İstanbul]
_bSühulet Kütüpanesi
_c[1933?]
300 _a53 p.
_c20 cm.
650 0 _aHengâmî, d 1873?
999 _c45027
_d45027